000 00479nam a2200169Ia 4500
999 _c11954
_d11954
003 OSt
005 20201124121243.0
008 190216s9999||||xx |||||||||||||| ||und||
040 _cOCLC
082 _a823.8
_bHAR/T
100 _aHardy, Thomas
_94826
245 4 _aThe Trumpet Major /
_cHardy thomas
260 _bMac Millian And Com. Ltd,
_c1961.
_anew york:
300 _a167p
650 _aEnglish Novel
942 _cBK
_2ddc
_h823.8
_iHAR/T
_k823.8
_mHAR/T